000 00385nam a22001217a 4500
999 _c2253
_d2253
005 20200910152217.0
008 200910b ||||| |||| 00| 0 eng d
020 _a9991667687
040 _cCML
245 _aEducation in Namibia.
_cMostert, M.L. and kasanda, C.D.
260 _aNamibia
_bUniversity of Namibia Publishers
_c2006
942 _2ddc
_cBK
_e1st Edition
_h801
_mMOS